000 01754nam a22003137a 4500
999 _c63197
_d63197
005 20251125233102.0
008 s2553 th tha d
020 _a9786167071220
040 _aNALT
041 _atha
050 _aD521 ว844ส 2553
100 0 _aวีระชัย โชคมุกดา
245 1 0 _aสงครามกลางเมือง ฆ่ากันเองบนแผ่นดินเดียวกัน
246 _aสงครามกลางเมือง Civil wars ฆ่ากันเองบนแผ่นดินเดียวกัน
260 3 _aกรุงเทพฯ :
_bยิปซี,
_c2553
300 _a192 หน้า :
_b ภาพประกอบ ;
_c 21 ซม.
650 0 4 _aสงครามโคโซโว, ค.ศ. 1996--1999
650 0 4 _aสงครามกลางเมือง -- ซูดาน -- ประวัติศาสตร์
650 0 4 _aสงครามกลางเมือง -- สหรัฐอเมริกา -- ประวัติศาสตร์
650 0 4 _aการฆ่าล้างเผ่าพันธุ์ -- รวันดา
650 0 4 _aสงครามบอสเนีย--เฮอร์เซโกวีนา, ค.ศ. 1996--1999
650 0 4 _aการฆ่าล้างเผ่าพันธุ์ -- กัมพูชา
650 0 4 _aสงครามเวียดนาม, ค.ศ. 1961--1975
650 0 4 _aสงครามเกาหลี, ค.ศ. 1950--1953
850 _aNALT
856 4 0 _uhttps://hdl.handle.net/20.500.14156/333841
_71
942 _cGB
_01
_2lcc